| 000 | 01805nam a2200397 c 4500 | ||
|---|---|---|---|
| 999 |
_c167392 _d167392 |
||
| 003 | BLK | ||
| 005 | 20250122134427.0 | ||
| 008 | 180411b bul|||||r ||||||| ||bul|| | ||
| 010 | _aKNG00175191000 | ||
| 040 | _aBLK | ||
| 041 |
_aBUL _cBUL |
||
| 072 | 7 |
_2bullib _aК _xКраезнание |
|
| 080 |
_aЕлектроенергетика. Производство, преобразуване, пренасяне, разпределяне и регулиране на електроенергията.Електроизмерителна техника.Техническо приложениена магнетизма и статичното електричество _b621.31 _z621.31 |
||
| 139 |
_aПравилник за доставяне на електрическа енергия от Русенската градска електрическа инсталация _bП 84 |
||
| 245 | 1 | 0 | _aПравилник за доставяне на електрическа енергия от Русенската градска електрическа инсталация |
| 257 | _aBGR | ||
| 260 |
_c1920 _fРусе : печ. Данков и Леви |
||
| 300 |
_a15 с. _c16 см |
||
| 380 | _a62 | ||
| 650 | 4 |
_aЕлектроснабдяване _9154776 |
|
| 650 | 4 |
_aРусе - стопанско развитие _9275828 |
|
| 651 | 4 |
_aБългария _9241624 |
|
| 651 | 4 |
_aРусе _9179462 |
|
| 653 | _aелектроснабдяване | ||
| 653 | _aРусе | ||
| 653 | _aистория | ||
| 659 | _aК | ||
| 852 | _aЦб І 2622 | ||
| 852 | _aК 62/П 84 | ||
| 856 | 4 | _qpdf | |
| 856 | 4 | _qpdf | |
| 942 |
_cKNG _n0 _s1 _01 |
||
| 944 |
_aCR _c13.05.2015 _k30558 _lВаля Йорданова |
||
| 944 |
_aED _c13.05.2015 _kВаля_Йорданова |
||
| 999 | _d167392 | ||